Biblioteka Instytutu Północnego w Olsztynie

Widok standardowy Widok MARC

Pozycja Meeting Name

Liczba rekordów, w których użyto hasła: 1

001 - Numer kontrolny

  • control field: 40352

003 - Identyfikator numeru kontrolnego

  • control field: NUKAT

005 - Data i czas ostatniej modyfikacji

  • control field: 20260421121702.0

008 - Dane kontrolne kodowane (40 znaków)

  • fixed length control field: 050119n||azznnbabn |a ana |

010 ## - Numer kontrolny Biblioteki Kongresu

  • numer kontrolny LC: p 2004433251

024 7# - OTHER STANDARD IDENTIFIER

  • Standard number or code: 143028835
  • Source of number or code: viaf

035 ## - Numer systemowy

  • numer systemowy: a12754043

035 ## - Numer systemowy

  • numer systemowy: (PL)a0000001275404

040 ## - Instytucja sporządzająca rekord

  • inst. przygot. dane do rek. khw: WA N
  • język haseł przedmiotowych/tezaurus: DBN
  • inst. wprow. rek. khw: WA N

111 2# - Hasło - nazwa imprezy

  • nazwa impr. lub nazwa geogr. na pocz.: Światowe Dni Młodzieży

411 2# - Trop zob. - nazwa imprezy

  • nazwa impr. lub nazwa geogr. na pocz.: Giornata Mondiale della Gioventù

411 2# - Trop zob. - nazwa imprezy

  • nazwa impr. lub nazwa geogr. na pocz.: Jornada Mundial de la Juventud

411 2# - Trop zob. - nazwa imprezy

  • nazwa impr. lub nazwa geogr. na pocz.: Jubileusz Młodych

411 2# - Trop zob. - nazwa imprezy

  • nazwa impr. lub nazwa geogr. na pocz.: Journée de la Jeunesse

411 2# - Trop zob. - nazwa imprezy

  • nazwa impr. lub nazwa geogr. na pocz.: ŚDM

411 2# - Trop zob. - nazwa imprezy

  • nazwa impr. lub nazwa geogr. na pocz.: Światowy Dzień Młodzieży

411 2# - Trop zob. - nazwa imprezy

  • nazwa impr. lub nazwa geogr. na pocz.: Weltjugendtag

411 2# - Trop zob. - nazwa imprezy

  • nazwa impr. lub nazwa geogr. na pocz.: World Youth Day

511 2# - Trop zob. też - nazwa imprezy

  • podpole kontrolne: h
  • nazwa impr. lub nazwa geogr. na pocz.: Jubileusz Światowych Dni Młodzieży
  • data imprezy: (2025 ;
  • miejsce imprezy: Rzym)

670 ## - Źródło informacji

  • źródło informacji: Świętymi bądźcie / oprac. Henryk Tomasik. - Częstochowa, 2002.
Biblioteka Instytutu Północnego, ul. Partyzantów 87, 10-402 Olsztyn, email: biblioteka(at)ip.olsztyn.pl